1255 1507 1942 1448 1565 1682 1746 1052 1394 1874 1209 1713 1387 1551 1199 1624 1735 1493 1587 1100 1200 1520 1407 1757 1684 1556 1781 1688 1781 1583 1024 1433 1337 1435 1868 1076 1317 1014 1168 1525 1401 1746 1348 1350 1672 1108 1139 1456 1467 1400 1427 1403 1073 1468 1188 1094 1073 1771 1274 1551 1053 1643 1200 1669 1990 1002 1546 1160 1823 1861 1622 1599 1796 1118 1490 1016 1328 1737 1757 1196 1475 1161 1604 1639 1950 1436 1455 1267 1405 1321 1054 1439 1996 1911 1582 1499 1304 1076 1982 BCNSPRNW ULIB Ver.6.0+V

เปลี่ยนเป็นภาษาไทย

Change to English
 แสดงรายละเอียดบรรณานุกรม
  กลับหน้าหลัก

Brief Record : Get Marc (ISO 2709) : E-mail record : QR code < ปิดหน้าต่าง
LEADER : 00000nam 2200000uu 4500
001    13399121348
003     ULIB
008    121115s2549||||th 000 0 tha d
020    ^a9749993888
050 04 ^aT^bก851ล
100 0  ^aเกียรติประถม สินรุ่งเรืองกุล
245 10 ^aล้วงลึกงานเด่น โปรแกรมดัง ตรงใจ ไม่ตกเทรนด์ /^cเกียรติประถม สินรุ่งเรืองกุล และสรวิทย์ งามพร้อมพันธุ์
260    ^aกรุงเทพฯ :^bสำนักพิมพ์แห่งจุฬาลงกรณ์มหาวิทยาลัย,^c2549
300    ^a515 หน้า :^bภาพประกอบ ;^c21 ซม
505 0  ^aภาพถ่ายดิจิทัล -- เครื่องฟังเพลง MP3 -- เครื่องฟังเพลง iPodโปรแกรมจัดการเพลง iTunes -- Cloning แผ่นซีดีต้นฉบับและอิมเมจไฟล์ -- ปรับแต่งภาพถ่ายดิจิทัลด้วยโปรแกรม ACDSee8 -- ปรับแต่งภาพถ่ายดิจิทัลด้วยโปรแกรม PhotShop CS2 -- Cloning หนังแผ่นดีวีดีด้วยโปรแกรม DVD Shrink แล้วบันทึกลงแผ่นดีวีดี ด้วยโปรแกรม Nero Burning ROM -- การแปลงไฟล์งานไปเป็นไฟล์ PDF ป้องกันไม่ให้งานถูกแก้ไข -- วิธีจับภาพบนหน้าจอและการนำภาพที่จับได้ไปใช้งาน -- ทิปเด็ด Windwos XP และ Internet -- ต่อเน็ตเวิร์กไร้สายในรูปแบบ WirelessLAN ระหว่างเครื่องคอมพิวเตอร์โน๊ตบุ๊กสองตัว -- ท่องอินเทอร์เน็ตไร้สายภายในร้านกาแฟ STARBUCKs -- ต่อเน็ตเวิร์กระหว่างเครื่องคอมพิวเตอร์โน๊ตบุ๊กสองตัวผ่านทางสายแลน
650  0 ^aComputer programs
650  7 ^aโปรแกรมคอมพิวเตอร์
700 0  ^aสรวิทย์ งามพร้อมพันธุ์
945    ^p250^l0^i14546
995    ^aวิภา
999 ^a ทศพร
รายการนี้ยังไม่มีแท็ก
คุณยังไม่ได้ล็อกอิน คุณสามารถมีกิจกรรมร่วมกับเว็บไซต์ได้ แต่ต้องล็อกอินก่อน ::
  ล็อกอิน

รายการสื่อสารสนเทศ

ลำดับที่ ประเภท เลขเรียก/บาร์โค้ด สถานที่ สถานะ
1. วิทยาศาสตร์การแพทย์ และสุขภาพ
วิทยาศาสตร์การแพทย์ และสุขภาพ
T ก851ล  
  Barcode: 14546
ห้องสมุดวิทยาเขตสวรรค์ประชารักษ์
►หนังสือทั่วไป
บนชั้น

รายการใกล้เคียง
    ผู้แต่ง [เกียรติประถม สินรุ่งเรืองกุล]

    หัวเรื่อง [Computer programs]
    หัวเรื่อง [โปรแกรมคอมพิวเตอร์]

BibComment


ยังไม่เคยถูกคอมเมนท์

คอมเมนท์ทรัพยากรรายการนี้
  คอมเมนท์: ล้วงลึกงานเด่น โ..


 Copyright 2026. Bcnsprnw @Library